Úskalia rozhodovania v krízových situáciách

Bibliographic Details
Main Authors: Šimák, Ladislav, 1952- (Author), Míka, Vladimír, 1949- (Author)
Format: Article
Language:Slovak
ISSN:1336-8885
Subjects:
Online Access:http://search.proquest.com/docview/210414911?accountid=58905

MARC

LEADER 00000nab a2200000 a 4500
001 vtls010239497
003 SK-MaSNL
005 20260304173030.0
008 250507 2008 xo 000 0 slo
015 |a SNBRB2011/02  |2 lmaosk 
035 |a (uuid)f5436601-5eef-4d14-b101-d4a417eacd9e 
035 |a urn:nbn:sk:snk-ababv3 
035 |a (urnnbn)urn:nbn:sk:snk:ar-a0ak4h 
040 |a SNKBUCL  |b slo  |c SNKBUCL  |e AACR2 
041 0 |a slo 
044 |a xo  |c SK 
080 |a 005  |2 2001 
100 1 |a Šimák, Ladislav,  |d 1952-  |4 aut  |9 135101 
245 1 0 |a Úskalia rozhodovania v krízových situáciách  |c Ladislav Šimák, Vladimír Míka 
246 3 1 |a Traps of decision-making in crissis situations 
500 |a Obsahuje schému 
504 |a Bibliogr. odkazy 
546 |a Res. angl. 
650 0 7 |a rozhodovanie  |2 SNKPH  |9 1671 
650 0 7 |a manažment kvality  |2 lmaosk  |9 932 
650 0 7 |a Quality management  |2 SNKPHeng  |9 276990 
650 0 7 |a Decision making  |2 SNKPHeng  |9 306451 
700 1 |a Míka, Vladimír,  |d 1949-  |4 aut  |9 220268 
773 0 |t Science & Military  |g Roč. 3, č. 1 (2008), s. 57-61  |x 1336-8885 
850 |a Slovenská národná knižnica 
852 |a Slovenská národná knižnica 
856 4 1 |u http://search.proquest.com/docview/210414911?accountid=58905 
954 |a odborná, vedecká literatúra pôvodná (slovenská)  |2 lita 
958 |a article14 
958 |a NB 
958 |a OND 
958 |a EUIPO 
999 |c 3001247  |d 3003177